NLP v praxi neurolingvistické programování jako cesta k osobní jedinečnosti

Gespeichert in:
Bibliographische Detailangaben
1. Verfasser: Knight, Sue
Weitere Verfasser: Lisa, Aleš
Format: Buch
Sprache:Tschechisch
Veröffentlicht: Praha Management Press 2015
Ausgabe:2. vyd.
Schlagworte:
Tags: Tag hinzufügen
Keine Tags, Fügen Sie das erste Tag hinzu!

MARC

LEADER 00000nam a2200000 4500
001 0225450
005 20240313090151.7
020 |a 978-80-7261-337-3 
041 0 |a cze 
044 |a CZ 
245 1 0 |a NLP v praxi  |b neurolingvistické programování jako cesta k osobní jedinečnosti  |c Sue Knight ; preklad: Aleš Lisa 
250 |a 2. vyd. 
264 1 |a Praha  |b Management Press  |c 2015 
300 |a 370 s. 
610 2 0 |a psychológia 
610 2 0 |a správanie 
610 2 0 |a sebapoznanie 
610 2 0 |a sebavýchova 
610 2 0 |a vedomie 
610 2 0 |a sebariadenie 
610 2 0 |a konflikty 
610 2 0 |a koučovanie 
610 2 0 |a výkonnosť 
100 1 |a Knight, Sue 
700 1 |a Lisa, Aleš